000 01150nam a22003371c 4500
001 a987681536
003 RU-10907106
005 20211006105954.0
008 091123s2000 gw a||| 000u eng d
020 _a019505070
_90-19-505070-
040 _cRU-10907106
_aRU-10907106
_bger
041 _aeng
100 1 _aFitzpatrick, Sheila
245 0 0 _aEveryday Stalinism :
_bordinary life in extraordinary times ; Soviet Russia in the 1930s /
_cSheila Fitzpatrick
264 _aOxford [u.a.] :
_bOxford Univ. Press,
_c2000
300 _aX, 288 S. : Ill ; 24 cm
336 _aText
_btxt
_2rdacontent
337 _aComputermedien
_bc
_2rdamedia
338 _aOnline-Ressource
_bcr
_2rdacarrier
500 _aE-Book-Ciando / Zugriff im DHI-Lesesaal, Fernzugriff für registrierte Nutzer
650 0 _aAlltag
650 0 _aStalinismus
650 0 _aTerror
650 0 _aMentalität
655 0 _aFernzugriff (E-Book)
655 0 _aelektronnaja biblioteka
655 0 _aFernzugriff
776 0 8 _iErscheint auch als
_nPrint-Ausgabe
_tEveryday Stalinism
_wa00528
856 4 _uhttp://dgia.ciando.com/book/index.cfm/bok_ID/10493
942 _cEB
_2z
999 _c24581
_d24581